00366 2200121 4500001002100000005001500021035002400036090001600060245007000076260005900146300002700205990001200232YOGYA00000000003442820140823034339 0010-081400000034146 a8x0.9 Fal W aWatazawwadu fa inna zzadi t-aqwa :cFalinbani, Syaikh Abdus-Samad aJakartabPusat Pembinaan dan Pengembangan Bahasac1992 axviii, 166 hlm.b21 cm a18487-A